| 000 | 00967nam a22002897a 4500 | ||
|---|---|---|---|
| 001 | 9722 | ||
| 003 | FISKH | ||
| 005 | 20260130115508.0 | ||
| 008 | 260130b cb ||||| |||| 00| 0 eng d | ||
| 020 | _a9780062086532 | ||
| 040 |
_aFISKH _beng _cFISKH _dFISKH |
||
| 050 | _aPZ7 | ||
| 082 | _a636.7 | ||
| 100 |
_aCapucilli, Alyssa Satin _eAuthor |
||
| 245 |
_aBiscuit in the snow / _cWritten by Alyssa Satin Capucilli ; pictures by Pat Schories |
||
| 260 |
_aNew York : _bHarperCollins Publishers , _c2013 |
||
| 300 |
_a12 unnumbered pages : _bcolor illustrations ; _c13 cm |
||
| 490 |
_aI can read! Phonics : _vBook 5 long o |
||
| 505 | _aE | ||
| 520 | _aIn this story you will learn about the long o vowel sound. Can you find these words and sound them out? | ||
| 521 | 8 |
_a200
_bLexile estimate |
|
| 521 | 8 |
_aE
_bRaz-Plus |
|
| 650 |
_aVowel sounds _vEarly readers |
||
| 700 |
_aSchories, Pat _eIllustrator |
||
| 942 |
_2ddc _cBK _n0 |
||
| 999 |
_c9722 _d9722 |
||